000 00416nam a2200169Ia 4500
008 230711s9999||||xx |||||||||||||| ||und||
020 _a978-0-19-807997-2
041 _aENG
082 _a621.4022
_bGH-H
100 _aGhoshdastidar.P.S
245 0 _aHeat Transfer
250 _a2nd Ed.
260 _c2012
_aNew Delhi
_bOxford University Press
300 _a620p.
650 _aMechanical Engineering
942 _cBK
999 _c6632
_d6632